Wards of Tower Hamlets, London - Statistics

General Stats
  • This quiz has been taken 21 times
  • The average score is 5 of 17
Answer Stats
Answer % Correct
Whitechapel
71%
Limehouse
57%
Shadwell
50%
Bow East
43%
Bow West
36%
Bromley-by-Bow
36%
Millwall
36%
Bethnal Green North
21%
Bethnal Green South
21%
Spitalfields and Banglatown
21%
Blackwall and Cubitt Town
14%
Weavers
14%
East India and Lansbury
7%
Mile End and Globe Town
7%
Mile End East
7%
St Dunstan's and Stepney Green
7%
St Katharine's and Wapping
7%
No matching quizzes found
Score Distribution
Percent of People with Each Score
Percentile by Number Answered
Your Score History
You have not taken this quiz